| 000 | 00000nas 2200000za 4500 |
| 001 | 9.504706 |
| 003 | CaOODSP |
| 005 | 20221107133427 |
| 007 | cr ||||||||||| |
| 008 | 150406d20032015oncqr p o f0 a0eng|d |
| 022 | |a1719-7597|y1481-3335 |
| 040 | |aCaOODSP|beng |
| 043 | |an-cn-qu |
| 086 | 1 |aNH12-182E-PDF |
| 222 | 0|aHousing now. Saguenay |
| 245 | 00|aHousing now. |pSaguenay |h[electronic resource]. |
| 246 | 13|aHousing now. |pSaguenay CMA |
| 260 | |a[Montréal] : |bCanada Mortgage and Housing Corporation, |c[2003]-2015. |
| 310 | |aQuarterly |
| 362 | 0 |aFirst quarter 2003-third quarter 2015. |
| 500 | |aTitle from caption. |
| 500 | |aIssued also in French under title: Actualités habitation. Saguenay. |
| 690 | 07|aDemography|2gcpds |
| 690 | 07|aHousing|2gcpds |
| 690 | 07|aMortgage loans|2gcpds |
| 690 | 07|aPrices|2gcpds |
| 710 | 2 |aCanada Mortgage and Housing Corporation. |
| 775 | 08|tActualités habitation. |w(CaOODSP)9.501118 |
| 776 | 0#|tHousing now - Saguenay |w(CaOODSP)9.515486 |
| 785 | 00|tHousing now tables. |w(CaOODSP)9.807102 |
| 986 | |a64211 |